Statistiques concernant Les bresiliens a l'Olympique Lyonnais

Cliquez ici pour prendre le quiz!

Statistiques générales

  • Ce quiz a été pris 771 fois
  • Le résultat moyen est 13 sur 23

Statistiques - réponses

HintRéponse% Correct
2020-?Lucas Paqueta
95%
2001-2009Juninho
92%
2020-?Bruno Guimaraes
86%
2004-2012Cris
83%
2017-2020Marçal
81%
2017-?Marcelo
75%
2019-?Thiago Mendes
74%
1999-2003Sonny Anderson
73%
2007Cleber Anderson
69%
2015-2020Rafael
64%
2000-2007Claudio Caçapa
61%
2009-2013Bastos
58%
2021-?Henrique
56%
2005-2009Fred
54%
2019-2021Jean Lucas
45%
2008-2012Ederson
42%
2000-2004Edmilson
40%
2004-2006Nilmar
35%
2020-?Camilo
30%
2003-2005Elber
22%
2007-2009Fabio Santos
20%
1957-1959Pires Constantino
3%
1993-1997Marcelo Kiremidjian
2%

Distribution des résultats

Percentile par nombre de réponses

% des personnes avec chaque résultat

Votre développement - résultats

Vous n’avez pas pris ce quiz